<?xml version="1.0" encoding="UTF-8"?>
<collection xmlns="http://www.loc.gov/MARC21/slim">
 <record>
  <leader>01302pam a22003738a 4500</leader>
  <controlfield tag="001">00032952</controlfield>
  <controlfield tag="005">20171026081025.0</controlfield>
  <controlfield tag="008">141227s2013                  ||||||viesd</controlfield>
  <datafield tag="020" ind1="#" ind2="#">
   <subfield code="c">158000</subfield>
  </datafield>
  <datafield tag="041" ind1="0" ind2="#">
   <subfield code="a">vie</subfield>
  </datafield>
  <datafield tag="082" ind1="1" ind2="4">
   <subfield code="a">428</subfield>
   <subfield code="b">M558L</subfield>
  </datafield>
  <datafield tag="100" ind1="1" ind2="#">
   <subfield code="a">Ping. Xia Li</subfield>
  </datafield>
  <datafield tag="245" ind1="1" ind2="0">
   <subfield code="a">15 day's practice for IELTS listening</subfield>
   <subfield code="c">Xia Li Ping, He Ting</subfield>
  </datafield>
  <datafield tag="260" ind1="#" ind2="#">
   <subfield code="a">T.P. Hồ Chí Minh</subfield>
   <subfield code="b">Tổng hợp T.P. Hồ Chí Minh; Công ty TNHH Nhân Trí Việt</subfield>
   <subfield code="c">2013</subfield>
  </datafield>
  <datafield tag="300" ind1="#" ind2="#">
   <subfield code="a">172 tr.</subfield>
   <subfield code="c">26 cm.</subfield>
   <subfield code="e">1 CD</subfield>
  </datafield>
  <datafield tag="653" ind1="#" ind2="#">
   <subfield code="a">IELTS</subfield>
  </datafield>
  <datafield tag="653" ind1="#" ind2="#">
   <subfield code="a">Kỹ năng nghe</subfield>
  </datafield>
  <datafield tag="653" ind1="#" ind2="#">
   <subfield code="a">Tự học</subfield>
  </datafield>
  <datafield tag="653" ind1="#" ind2="#">
   <subfield code="a">Tiếng Anh</subfield>
  </datafield>
  <datafield tag="653" ind1="#" ind2="#">
   <subfield code="a">Luyện thi</subfield>
  </datafield>
  <datafield tag="700" ind1="1" ind2="#">
   <subfield code="a">Ting, He</subfield>
  </datafield>
  <datafield tag="852" ind1="#" ind2="#">
   <subfield code="b">Kho giáo trình</subfield>
   <subfield code="j">KGT.0048549, KGT.0048550, KGT.0048551, KGT.0048552, KGT.0048553, KGT.0048554, KGT.0048555, KGT.0048556, KGT.0048557, KGT.0048558, KGT.0048559</subfield>
  </datafield>
  <datafield tag="852" ind1="#" ind2="#">
   <subfield code="b">Kho mượn</subfield>
   <subfield code="j">KGT.0048549</subfield>
  </datafield>
  <datafield tag="852" ind1="#" ind2="#">
   <subfield code="j">KGT.0048549</subfield>
   <subfield code="j">KGT.0048551</subfield>
   <subfield code="j">KGT.0048552</subfield>
   <subfield code="j">KGT.0048554</subfield>
   <subfield code="j">KGT.0048555</subfield>
   <subfield code="j">KGT.0048559</subfield>
   <subfield code="j">KD.0016481</subfield>
   <subfield code="j">KGT.0048557</subfield>
   <subfield code="j">KGT.0048550</subfield>
   <subfield code="j">KGT.0048553</subfield>
   <subfield code="j">KGT.0048556</subfield>
   <subfield code="j">KGT.0048558</subfield>
  </datafield>
  <datafield tag="852" ind1="#" ind2="#">
   <subfield code="b">Kho đọc</subfield>
   <subfield code="j">KD.0016481</subfield>
  </datafield>
  <datafield tag="910" ind1="#" ind2="#">
   <subfield code="d">27/12/2014</subfield>
  </datafield>
  <datafield tag="980" ind1="#" ind2="#">
   <subfield code="a">Trung tâm Học liệu Lê Vũ Hùng, Trường Đại học Đồng Tháp</subfield>
  </datafield>
 </record>
</collection>
